[Event "SVK-chT3B2 1920"]
[Site "Slovakia"]
[Date "2020.02.23"]
[Round "9.6"]
[White "Zahorcek, Jakub"]
[Black "Geschwandtner, Juraj"]
[Result "1/2-1/2"]
[WhiteElo "1677"]
[BlackElo "1762"]
[PlyCount "102"]
[EventDate "2019.10.06"]
[EventType "team-tourn"]
[EventRounds "11"]
[EventCountry "SVK"]
[SourceTitle "CBM 195 Extra"]
[Source "ChessBase"]
[SourceDate "2020.05.31"]
[SourceVersion "1"]
[SourceVersionDate "2020.05.31"]
[SourceQuality "1"]
[WhiteTeam "Povazske Podhradie"]
[BlackTeam "Handlova"]
[WhiteTeamCountry "SVK"]
[BlackTeamCountry "SVK"]

1. d4 d5 2. Nf3 Nf6 3. Bf4 e6 4. e3 Bd6 5. Bg3 0-0 6. Nbd2 b6 7. c3 a5 8. Bd3 Ba6 9. Qb1 h6 10. 0-0 Bxg3 11. hxg3 Bxd3 12. Qxd3 Nbd7 13. e4 dxe4 14. Nxe4 Nxe4 15. Qxe4 Nf6 16. Qe2 Re8 17. Rad1 Qd6 18. Rfe1 Rab8 19. Ne5 c6 20. Qf3 Rbc8 21. g4 Qd5 22. a3 Qxf3 23. gxf3 Red8 24. Kg2 b5 25. Nd3 Nd7 26. f4 Re8 27. Kg3 f6 28. Re2 Kf7 29. Rde1 c5 30. dxc5 Nxc5 31. Nxc5 Rxc5 32. Rd1 Re7 33. Red2 g5 34. fxg5 fxg5 35. Rd7 Rc7 36. Rxc7 Rxc7 37. Rd4 Kf6 38. a4 bxa4 39. Rxa4 Rc5 40. Rd4 Ke7 41. Kf3 Rb5 42. Rd2 Kf6 43. c4 Rb4 44. Rc2 a4 45. Ke4 Rb8 46. c5 Rb4+ 47. Ke3 Ke7 48. c6 Kd8 49. f3 Kc7 50. Kd3 Rf4 51. Ke3 Rb4 1/2-1/2

[Event "SVK-chT3B2 1920"]
[Site "Slovakia"]
[Date "2019.11.24"]
[Round "4.6"]
[White "Bezak, Radovan"]
[Black "Geschwandtner, Juraj"]
[Result "1/2-1/2"]
[WhiteElo "1628"]
[BlackElo "1762"]
[PlyCount "123"]
[EventDate "2019.10.06"]
[EventType "team-tourn"]
[EventRounds "11"]
[EventCountry "SVK"]
[SourceTitle "CBM 193 Extra"]
[Source "ChessBase"]
[SourceDate "2020.01.31"]
[SourceVersion "1"]
[SourceVersionDate "2020.01.31"]
[SourceQuality "1"]
[WhiteTeam "Chynorany"]
[BlackTeam "Handlova"]
[WhiteTeamCountry "SVK"]
[BlackTeamCountry "SVK"]

1. d4 d5 2. c4 c6 3. Nc3 Nf6 4. Bg5 e6 5. e3 Be7 6. Nf3 Nbd7 7. Bd3 h6 8. Bh4 0-0 9. 0-0 Re8 10. Qc2 dxc4 11. Bxc4 b5 12. Bd3 Bb7 13. Ne4 Rc8 14. Bxf6 Nxf6 15. Nc5 Bxc5 16. dxc5 Qc7 17. b4 Rcd8 18. Rfd1 e5 19. Be4 Bc8 20. h3 Be6 21. Bf5 Bd5 22. e4 Bc4 23. Nd2 Bd3 24. Qc3 g6 25. Bg4 Nxe4 26. Nxe4 Bxe4 27. Qe3 f5 28. Be2 Kg7 29. f3 Bd5 30. Rd2 Kh7 31. Rad1 Qf7 32. Qf2 a6 33. a3 Qe7 34. Kh1 Bb3 35. Rxd8 Rxd8 36. Rxd8 Qxd8 37. Qe3 Qd4 38. Qd3 Qxd3 39. Bxd3 Bd5 40. Be2 Kg7 41. Kg1 Kf6 42. Kf2 g5 43. g3 f4 44. Bd3 h5 45. g4 hxg4 46. hxg4 Ke7 47. Bf5 Kd8 48. Ke2 Kc7 49. Kf2 Kb7 50. Ke2 a5 51. Kf2 axb4 52. axb4 Bc4 53. Be4 Kc7 54. Bf5 Kd8 55. Be4 Bd5 56. Bf5 Kc7 57. Ke2 Kd8 58. Kf2 Ke7 59. Ke2 Be6 60. Be4 Bd7 61. Kf2 Be8 62. Ke2 1/2-1/2

[Event "SVK-chT3B2 1920"]
[Site "Slovakia"]
[Date "2019.11.03"]
[Round "3.7"]
[White "Lukac, Jozef1111"]
[Black "Geschwandtner, Juraj"]
[Result "1/2-1/2"]
[WhiteElo "1537"]
[BlackElo "1762"]
[PlyCount "62"]
[EventDate "2019.10.06"]
[EventType "team-tourn"]
[EventRounds "11"]
[EventCountry "SVK"]
[SourceTitle "CBM 193 Extra"]
[Source "ChessBase"]
[SourceDate "2020.01.31"]
[SourceVersion "1"]
[SourceVersionDate "2020.01.31"]
[SourceQuality "1"]
[WhiteTeam "Lehota pod Vtacnikom"]
[BlackTeam "Handlova"]
[WhiteTeamCountry "SVK"]
[BlackTeamCountry "SVK"]

1. e4 c5 2. Nf3 d6 3. d4 cxd4 4. Qxd4 a6 5. Bd3 Nc6 6. Qe3 Nf6 7. h3 g6 8. Nc3 Bg7 9. 0-0 0-0 10. Re1 e6 11. Ne2 e5 12. c4 h6 13. b3 Be6 14. Nc3 Nh5 15. Qe2 Rc8 16. Be3 Nd4 17. Qd1 b5 18. Bxd4 exd4 19. Ne2 bxc4 20. bxc4 Bxc4 21. Bxc4 Rxc4 22. Nexd4 Qb6 23. Rb1 Qa7 24. Nb3 Qc7 25. Rc1 Rxc1 26. Qxc1 Rc8 27. Qxc7 Rxc7 28. Rc1 Rxc1+ 29. Nxc1 Bc3 30. Ne2 Bb4 31. Nfd4 Kf8 1/2-1/2

[Event "SVK-chT3B2 1819"]
[Site "Slovakia"]
[Date "2019.01.27"]
[Round "6.5"]
[White "Geschwandtner, Juraj"]
[Black "Ficel, Viliam"]
[Result "1/2-1/2"]
[WhiteElo "1807"]
[BlackElo "1684"]
[PlyCount "35"]
[EventDate "2018.10.21"]
[EventType "team-tourn"]
[EventRounds "11"]
[EventCountry "SVK"]
[SourceTitle "CBM 189 Extra"]
[Source "ChessBase"]
[SourceDate "2019.06.03"]
[SourceVersion "1"]
[SourceVersionDate "2019.06.03"]
[SourceQuality "1"]
[WhiteTeam "Handlova"]
[BlackTeam "Lehota pod Vtacnikom"]
[WhiteTeamCountry "SVK"]
[BlackTeamCountry "SVK"]

1. Nf3 e6 2. d4 d6 3. c4 c6 4. Nc3 Nd7 5. e4 e5 6. dxe5 dxe5 7. Be3 Be7 8. Be2 Ngf6 9. h3 h6 10. Qc2 Qc7 11. Rc1 0-0 12. 0-0 Bc5 13. Qd2 Bxe3 14. Qxe3 b6 15. b4 Bb7 16. a4 a5 17. b5 Nc5 18. Nd2 1/2-1/2

[Event "SVK-chT3B2 1617"]
[Site "Slovakia"]
[Date "2017.02.19"]
[Round "8.6"]
[White "Geschwandtner, Juraj"]
[Black "Dureje, Peter"]
[Result "1/2-1/2"]
[WhiteElo "1846"]
[BlackElo "1503"]
[PlyCount "81"]
[EventDate "2016.10.16"]
[EventType "team-tourn"]
[EventRounds "11"]
[EventCountry "SVK"]
[SourceTitle "EXT 2018"]
[Source "ChessBase"]
[SourceDate "2017.10.13"]
[SourceVersion "1"]
[SourceVersionDate "2017.10.13"]
[SourceQuality "1"]
[WhiteTeam "Handlova"]
[BlackTeam "Lehota pod Vtacnikom"]
[WhiteTeamCountry "SVK"]
[BlackTeamCountry "SVK"]

1. Nf3 c5 2. c4 Nc6 3. Nc3 e6 4. d4 cxd4 5. Nxd4 Nf6 6. Bg5 Be7 7. Nxc6 dxc6 8. Qc2 0-0 9. e3 b6 10. Bd3 h6 11. Bh4 Bb7 12. Rd1 Qc7 13. Bg3 Qc8 14. 0-0 c5 15. Qe2 Qc6 16. f3 Rad8 17. Ne4 Nxe4 18. Bxe4 Qc8 19. Bxb7 Qxb7 20. Be5 Rxd1 21. Rxd1 Rd8 22. Rxd8+ Bxd8 23. Qd3 Be7 24. Bc3 Qc6 25. b3 Qd6 26. Qe2 Bf6 27. Bxf6 gxf6 28. a4 f5 29. g3 f6 30. Kg2 e5 31. h4 Kg7 32. Kh3 Qd7 33. Kh2 e4 34. fxe4 fxe4 35. Kg2 f5 36. Qb2+ Kg6 37. Qe5 Qd2+ 38. Kh3 Qxe3 39. Qe6+ Kg7 40. Qe7+ Kg6 41. Qe6+ 1/2-1/2

[Event "SVK-chT3B2 1617"]
[Site "Slovakia"]
[Date "2016.12.18"]
[Round "5.4"]
[White "Bezak, Radovan"]
[Black "Geschwandtner, Juraj"]
[Result "1/2-1/2"]
[WhiteElo "1634"]
[BlackElo "1851"]
[PlyCount "43"]
[EventDate "2016.10.16"]
[EventType "team-tourn"]
[EventRounds "11"]
[EventCountry "SVK"]
[SourceTitle "EXT 2018"]
[Source "ChessBase"]
[SourceDate "2017.10.13"]
[SourceVersion "1"]
[SourceVersionDate "2017.10.13"]
[SourceQuality "1"]
[WhiteTeam "Chynorany"]
[BlackTeam "Handlova"]
[WhiteTeamCountry "SVK"]
[BlackTeamCountry "SVK"]

1. d4 d5 2. c4 c6 3. Nc3 Nf6 4. Bg5 e6 5. e3 Be7 6. Nf3 Nbd7 7. Bd3 h6 8. Bh4 a6 9. 0-0 0-0 10. Rc1 c5 11. cxd5 exd5 12. dxc5 Nxc5 13. Be2 Be6 14. Nd4 Bc8 15. a3 Nce4 16. f3 Nxc3 17. Rxc3 Re8 18. Qb3 g5 19. Bg3 Bd6 20. Qd1 Bxg3 21. hxg3 Qd6 22. g4 1/2-1/2

[Event "SVK-chT3B2 1516"]
[Site "Slovakia"]
[Date "2016.02.07"]
[Round "7.3"]
[White "Geschwandtner, Juraj"]
[Black "Alexy, Peter"]
[Result "0-1"]
[WhiteElo "1884"]
[BlackElo "1922"]
[PlyCount "90"]
[EventDate "2015.10.11"]
[EventType "team-tourn"]
[EventRounds "11"]
[EventCountry "SVK"]
[SourceTitle "CBM 170 Extra"]
[Source "ChessBase"]
[SourceDate "2016.02.25"]
[SourceVersion "1"]
[SourceVersionDate "2016.02.25"]
[SourceQuality "1"]
[WhiteTeam "Handlova"]
[BlackTeam "Chynorany"]
[WhiteTeamCountry "SVK"]
[BlackTeamCountry "SVK"]

1. Nf3 Nf6 2. d4 g6 3. c4 Bg7 4. Nc3 0-0 5. g3 d6 6. Bg2 Nh5 7. 0-0 Nc6 8. e4 e5 9. d5 Ne7 10. Qe2 a6 11. Ng5 h6 12. Nf3 Qe8 13. Re1 f5 14. h3 c6 15. Nh2 Qf7 16. Bd2 cxd5 17. Nxd5 Nxd5 18. cxd5 Bd7 19. a4 fxe4 20. Be3 Nf6 21. Red1 b5 22. a5 Rac8 23. Rac1 Rfd8 24. Bb6 Rxc1 25. Rxc1 Rc8 26. Rxc8+ Bxc8 27. g4 Qxd5 28. Bf1 Bb7 29. Be3 Kh7 30. g5 hxg5 31. Bxg5 Qe6 32. Bxf6 Qxf6 33. Bg2 d5 34. Qc2 Qc6 35. Qe2 Qc1+ 36. Nf1 Bh6 37. Qg4 Bc8 38. Qh4 Qg5 39. Qxg5 Bxg5 40. Ne3 Be6 41. Nc2 Be7 42. Kf1 Kh6 43. Ke2 Kg5 44. Bf1 Kf4 45. Ne3 Bb4 0-1

[Event "SVK-chT3B2 1516"]
[Site "Slovakia"]
[Date "2016.01.31"]
[Round "6.3"]
[White "Jakubec, Milan"]
[Black "Geschwandtner, Juraj"]
[Result "1-0"]
[WhiteElo "2054"]
[BlackElo "1884"]
[PlyCount "93"]
[EventDate "2015.10.11"]
[EventType "team-tourn"]
[EventRounds "11"]
[EventCountry "SVK"]
[SourceTitle "CBM 170 Extra"]
[Source "ChessBase"]
[SourceDate "2016.02.25"]
[SourceVersion "1"]
[SourceVersionDate "2016.02.25"]
[SourceQuality "1"]
[WhiteTeam "Myjava Spartak"]
[BlackTeam "Handlova"]
[WhiteTeamCountry "SVK"]
[BlackTeamCountry "SVK"]

1. e4 c6 2. d4 d5 3. exd5 cxd5 4. Bd3 Nf6 5. Nf3 e6 6. c3 Be7 7. Qc2 h6 8. Ne5 a6 9. Nd2 Nbd7 10. Ndf3 Nxe5 11. Nxe5 Bd6 12. f4 Bd7 13. Nxd7 Qxd7 14. 0-0 0-0 15. Bd2 Rac8 16. Rae1 b5 17. a3 Qc6 18. f5 b4 19. axb4 Bxb4 20. fxe6 fxe6 21. Re2 Bd6 22. g3 Rce8 23. Rfe1 Bc7 24. b4 Nd7 25. Qa2 e5 26. Qxa6 Qxa6 27. Bxa6 e4 28. c4 Nf6 29. c5 Re6 30. b5 Ra8 31. Bb7 Ra3 32. Be3 Kh7 33. Rf1 Rb3 34. Bc8 Re7 35. b6 Bxb6 36. cxb6 Rxb6 37. Bf5+ g6 38. Bh3 Kg7 39. Bf4 g5 40. Be5 h5 41. Ref2 Rf7 42. Rxf6 Rfxf6 43. Rxf6 Rxf6 44. Be6 Kg6 45. Bxf6 Kxf6 46. Bxd5 Kf5 47. Kf2 1-0

[Event "SVK-chT3B2 1314"]
[Site "Slovakia"]
[Date "2014.02.16"]
[Round "8.1"]
[White "Geschwandtner, Juraj"]
[Black "Makuch, Milan"]
[Result "1/2-1/2"]
[WhiteElo "1957"]
[BlackElo "1912"]
[PlyCount "38"]
[EventDate "2013.10.13"]
[EventType "team-tourn"]
[EventRounds "14"]
[EventCountry "SVK"]
[SourceTitle "EXT 2015"]
[Source "ChessBase"]
[SourceDate "2014.11.20"]
[SourceVersion "1"]
[SourceVersionDate "2014.11.20"]
[SourceQuality "1"]
[WhiteTeam "Handlova"]
[BlackTeam "Povazska Bystrica SK Sparta II"]
[WhiteTeamCountry "SVK"]
[BlackTeamCountry "SVK"]

1. d4 d5 2. Nf3 Bf5 3. Bf4 e6 4. e3 Nf6 5. c4 c6 6. Bd3 Bxd3 7. Qxd3 dxc4 8. Qxc4 Bd6 9. Bxd6 Qxd6 10. 0-0 0-0 11. Nc3 Nbd7 12. Rac1 Nd5 13. Nxd5 Qxd5 14. Qxd5 exd5 15. b4 a6 16. a4 Nb6 17. b5 Nc4 18. bxc6 bxc6 19. Rb1 Rfb8 1/2-1/2

[Event "SVK-chT3B2 1314"]
[Site "Slovakia"]
[Date "2013.10.13"]
[Round "1.1"]
[White "Geschwandtner, Juraj"]
[Black "Zernovic, Ferdinand"]
[Result "0-1"]
[WhiteElo "1957"]
[BlackElo "1896"]
[PlyCount "32"]
[EventDate "2013.10.13"]
[EventType "team-tourn"]
[EventRounds "14"]
[EventCountry "SVK"]
[SourceTitle "EXT 2015"]
[Source "ChessBase"]
[SourceDate "2014.11.20"]
[SourceVersion "1"]
[SourceVersionDate "2014.11.20"]
[SourceQuality "1"]
[WhiteTeam "Handlova"]
[BlackTeam "Povazske Podhradie SK"]
[WhiteTeamCountry "SVK"]
[BlackTeamCountry "SVK"]

1. d4 d5 2. Nf3 Nc6 3. e3 Bf5 4. c4 e6 5. Nc3 Nb4 6. e4 dxe4 7. Ne5 Qxd4 8. Qxd4 Nc2+ 9. Kd1 Nxd4 10. Be3 Rd8 11. Kc1 f6 12. g4 fxe5 13. gxf5 exf5 14. Bg5 Be7 15. Be3 c6 16. b3 Ba3+ 0-1

[Event "SVK-chT3B2 1213"]
[Site "Slovakia"]
[Date "2012.11.11"]
[Round "2.1"]
[White "Geschwandtner, Juraj"]
[Black "Kukucka, Matej"]
[Result "1/2-1/2"]
[WhiteElo "2011"]
[BlackElo "2008"]
[PlyCount "30"]
[EventDate "2012.10.28"]
[EventType "team-tourn"]
[EventRounds "14"]
[EventCountry "SVK"]
[SourceTitle "EXT 2022"]
[Source "ChessBase"]
[SourceDate "2021.10.06"]
[SourceVersion "1"]
[SourceVersionDate "2021.10.06"]
[SourceQuality "1"]
[WhiteTeam "Handlova"]
[BlackTeam "Podhradie Povazske"]
[WhiteTeamCountry "SVK"]
[BlackTeamCountry "SVK"]

1. Nf3 Nf6 2. d4 g6 3. c4 Bg7 4. Nc3 0-0 5. e3 d6 6. Be2 Nbd7 7. 0-0 e5 8. Nd2 c6 9. d5 c5 10. e4 Ne8 11. Nf3 h6 12. g3 Kh7 13. Nh4 Bf6 14. Ng2 Bg7 15. Nh4 Bf6 1/2-1/2